[Event "Leipzig VfB op 23rd"]
[Site "Leipzig"]
[Date "2016.03.17"]
[Round "5"]
[White "Loyal, Martin"]
[Black "Weimert, Miriam"]
[Result "0-1"]
[WhiteElo "1616"]
[BlackElo "1783"]
[PlyCount "90"]
[EventDate "2016.03.15"]
[EventType "swiss"]
[EventRounds "9"]
[EventCountry "GER"]
[SourceTitle "EXT 2017"]
[Source "ChessBase"]
[SourceDate "2016.10.25"]
[SourceVersion "1"]
[SourceVersionDate "2016.10.25"]
[SourceQuality "1"]

1. e4 c5 2. Nf3 a6 3. d4 cxd4 4. Nxd4 e6 5. c3 Nc6 6. Nxc6 bxc6 7. Be3 Nf6 8. Nd2 d5 9. e5 Nd7 10. Nf3 Qc7 11. Bf4 Bc5 12. Bd3 Ba7 13. 0-0 c5 14. Qc2 c4 15. Bxh7 Nf8 16. Ng5 g6 17. Bxg6 Nxg6 18. Bg3 Rh5 19. Nf3 Bd7 20. b4 Ke7 21. a4 Rah8 22. Rab1 Bb8 23. Rfe1 Qb6 24. b5 axb5 25. Qb2 Bc7 26. Qb4+ Ke8 27. axb5 Qb8 28. h3 Nxe5 29. Bxe5 Bxe5 30. Nxe5 Rxe5 31. b6 Rxe1+ 32. Rxe1 Bc6 33. Qc5 Kd7 34. Ra1 Rc8 35. Qe3 Ba8 36. Ra7+ Bb7 37. Qf3 Ke8 38. Qf6 Rd8 39. h4 Qc8 40. h5 Kd7 41. Qxf7+ Kc6 42. Rxb7 Qxb7 43. Qf6 Re8 44. h6 Qxb6 45. h7 Qb1+ 0-1

[Event "Leipzig VfB op 23rd"]
[Site "Leipzig"]
[Date "2016.03.15"]
[Round "1"]
[White "Kuenzel, Andre"]
[Black "Loyal, Martin"]
[Result "1-0"]
[WhiteElo "1992"]
[BlackElo "1616"]
[PlyCount "59"]
[EventDate "2016.03.15"]
[EventType "swiss"]
[EventRounds "9"]
[EventCountry "GER"]
[SourceTitle "EXT 2017"]
[Source "ChessBase"]
[SourceDate "2016.10.25"]
[SourceVersion "1"]
[SourceVersionDate "2016.10.25"]
[SourceQuality "1"]

1. d4 d5 2. Nf3 Nf6 3. e3 e6 4. Bd3 Bd6 5. Nbd2 0-0 6. 0-0 Nbd7 7. Re1 c5 8. c3 b6 9. e4 dxe4 10. Nxe4 Nxe4 11. Bxe4 Rb8 12. dxc5 Nxc5 13. Bc2 Bb7 14. Ng5 h6 15. Qh5 Qc7 16. Nh7 Rfd8 17. Bxh6 Bxh2+ 18. Kh1 gxh6 19. Qxh6 Be5 20. Rxe5 Qxe5 21. Nf6+ Qxf6 22. Qxf6 Rd5 23. Qh6 f5 24. b4 Ne4 25. Qxe6+ Kf8 26. Bb3 Rbd8 27. Bxd5 Rxd5 28. c4 Nxf2+ 29. Kg1 Rd2 30. Qh6+ 1-0

[Event "Leipzig VfB op 22nd"]
[Site "Leipzig"]
[Date "2015.03.03"]
[Round "1"]
[White "Loyal, Martin"]
[Black "Reichert, Matthias"]
[Result "0-1"]
[WhiteElo "1739"]
[BlackElo "2037"]
[PlyCount "82"]
[EventDate "2015.03.03"]
[EventType "swiss"]
[EventRounds "9"]
[EventCountry "GER"]
[SourceTitle "EXT 2016"]
[Source "ChessBase"]
[SourceDate "2015.10.08"]
[SourceVersion "1"]
[SourceVersionDate "2015.10.08"]
[SourceQuality "1"]

1. e4 e5 2. Nf3 Nc6 3. Bc4 Nf6 4. Ng5 d5 5. exd5 b5 6. Bxb5 Qxd5 7. c4 Qxg2 8. Qf3 Qxf3 9. Nxf3 Bd7 10. Nc3 a6 11. Ba4 Bd6 12. d3 Nb4 13. Bxd7+ Nxd7 14. Kd2 Nc5 15. d4 exd4 16. Nxd4 0-0-0 17. Ke2 Be5 18. a3 Nbd3 19. Nc6 Rhe8 20. Be3 Nb3 21. Nxd8 Nxa1 22. Nxf7 Bxc3 23. bxc3 Nxf2 24. Kxf2 Nc2 25. Bc5 Re4 26. Ng5 Re5 27. Be3 Nxe3 28. Nf3 Ng4+ 29. Kg3 Re4 30. Nd2 Re2 31. Nb3 Nf6 32. Kf3 Rc2 33. Rc1 Rxh2 34. Nc5 Rh3+ 35. Kf4 Rh4+ 36. Ke5 Rxc4 37. Ne6 Ne8 38. Kd5 Rh4 39. Rd1 Nf6+ 40. Kc6 Rc4+ 41. Nc5 Nd7 0-1

[Event "Leipzig VfB op 20th"]
[Site "Leipzig"]
[Date "2013.03.09"]
[Round "9"]
[White "Loyal, Martin"]
[Black "Wolter, Uwe"]
[Result "1/2-1/2"]
[WhiteElo "1153"]
[BlackElo "1365"]
[PlyCount "42"]
[EventDate "2013.03.05"]
[EventType "swiss"]
[EventRounds "9"]
[EventCountry "GER"]
[SourceTitle "EXT 2014"]
[Source "ChessBase"]
[SourceDate "2013.11.20"]
[SourceVersion "1"]
[SourceVersionDate "2013.11.20"]
[SourceQuality "1"]

1. c4 e5 2. Nc3 f5 3. e3 Nf6 4. d4 d6 5. dxe5 dxe5 6. Qxd8+ Kxd8 7. Nf3 Nc6 8. Be2 Bb4 9. 0-0 Ke7 10. Nd5+ Nxd5 11. cxd5 e4 12. dxc6 exf3 13. Bxf3 b6 14. Rd1 Be6 15. a3 Bd6 16. Bd2 g5 17. Bc3 Rhg8 18. g3 g4 19. Bd5 Rg6 20. Kg2 a5 21. Rd2 h5 1/2-1/2

[Event "Leipzig VfB op 20th"]
[Site "Leipzig"]
[Date "2013.03.07"]
[Round "5"]
[White "Ehrich, Dieter"]
[Black "Loyal, Martin"]
[Result "1/2-1/2"]
[WhiteElo "1720"]
[BlackElo "1153"]
[PlyCount "88"]
[EventDate "2013.03.05"]
[EventType "swiss"]
[EventRounds "9"]
[EventCountry "GER"]
[SourceTitle "EXT 2014"]
[Source "ChessBase"]
[SourceDate "2013.11.20"]
[SourceVersion "1"]
[SourceVersionDate "2013.11.20"]
[SourceQuality "1"]

1. c4 Nf6 2. Nc3 e5 3. g3 c5 4. Bg2 Be7 5. Nf3 d6 6. d3 0-0 7. 0-0 Bd7 8. Bg5 Bc6 9. Nh4 Ne8 10. Bxe7 Qxe7 11. Nd5 Qd8 12. Nf5 Nf6 13. Nde7+ Kh8 14. Bxc6 Nxc6 15. Nxc6 bxc6 16. e4 Qd7 17. Qf3 Rae8 18. Nh4 Re6 19. Qf5 Ne8 20. Nf3 g6 21. Qh3 f5 22. Ng5 Ref6 23. exf5 Rxf5 24. Ne4 Qg7 25. Rae1 Kg8 26. Re3 h6 27. Qg2 Qb7 28. g4 R5f7 29. Rh3 Kg7 30. f3 g5 31. Qd2 Rf4 32. b3 Qd7 33. Qg2 Nf6 34. Ng3 d5 35. Nf5+ Rxf5 36. gxf5 Qxf5 37. Re1 Qxd3 38. Qe2 Qf5 39. Qg2 Kg6 40. Qg3 Re8 41. Qg2 h5 42. f4 Qxf4 43. Rf3 Qd4+ 44. Kh1 Qg4 1/2-1/2